Az Antenna Hungária Zrt likviditási helyzetének értékelése öt év alapján
| Szerző: | |
|---|---|
| További közreműködők: | |
| Dokumentumtípus: | Projektmunka |
| Kulcsszavak: | beszámoló likviditás likviditási mutató(k) likviditásszámítás vállalati likviditás |
| Online Access: | http://dolgozattar.uni-bge.hu/58418 |
MARC
| LEADER | 00000nnm a2200000 i 4500 | ||
|---|---|---|---|
| 001 | dolg58418 | ||
| 005 | 20250923130731.0 | ||
| 008 | 250923suuuu hu o 000 hun d | ||
| 040 | |a BGE Dolgozattár Repozitórium |b hun | ||
| 041 | |a hu | ||
| 100 | 1 | |a Illési Péter András | |
| 245 | 1 | 3 | |a Az Antenna Hungária Zrt likviditási helyzetének értékelése öt év alapján |c Illési Péter András |h [elektronikus dokumentum] |
| 516 | |a Project_work | ||
| 520 | 3 | |a Záródolgozatomban az Antenna Hungária Zrt. likviditási helyzetét vizsgáltam és értékeltem 5 évre visszamenőleg, 2017 és 2022 között. Az Antenna Hungária Zrt-nél kölcsön munkavállalóként dolgoztam a Process Solutions Kft könyvelő cégen keresztül. Kölcsön munkavállalóként, ameddig az Antenna Hungária Zrt-nél dolgoztam, kint is voltam a cégnél, így volt lehetőségem bele látni jobban a cég működésébe és az ott dolgozó kollégákat jobban megismerni. A munkám során az online elérhető beszámolókra és újságcikkekre támaszkodtam. Vizsgálódásom során a különböző fokú likviditási mérlegek számszerűsített adataiból és azoknak viszonyaiból indultam ki, amiket összevettem az adott év, évek gazdasági történéseivel, azoknak hatásaival. A likviditási mérleget I-V. fokig fejeztem ki, melyhez egyszerűbb számításokat külön elvégeztem. Táblázatos formában a különböző tételek is megjelenítettem, amiket aztán a fokonként szövegesen kifejtettem és az kiszámított értékeket többségében százalékban adtam meg. Ezeket a számításokat az online közzétett beszámolókban is ellenőrizni tudtam, tekintettel arra, hogy a beszámolókban is szerepelnek likviditási mutatók, amikkel a vállalkozás pénzügyi helyzetét mutatták be. Mindegyik évnél ezt a struktúrát követtem, először táblázatos formában a különböző tételeket beírtam az adott fokhoz, utána fokonként elemeztem és összevetettem az adatokat a beszámolókkal, mik az eltérések, a szám adatokat magyarázza-e esetleg bármilyen adat a beszámolóban. A likviditási mérlegben a rövid és hosszú távú fizetési képességet vizsgáltam. Különböző források alapján az eredményeket értékeltem aszerint, hogy megadott érték felett vagy alatt van és hogy ez a vállalkozásra nézve mennyire előnyös vagy hátrányos, ugyanis a túlzott mértékű likviditás sem jelent jót, vagyis, hogyha nagy mennyiségű azonnal felhasználható pénzmennyiség áll a vállalkozás, cég részére, mert akkor azt is jelentheti, hogy feleslegesen vannak pénzeszközök úgy mond szabadon, bármilyen kamatozás, hozam nélkül. Kitértem még a likviditási helyzet fontosságára korábbi munkatapasztalat alapján, amikor személyes élhettem át egy cég életében, amikor az nem tud likvid lenni, ezenkívül kifejtettem bővebben a korábbi és jelenlegi munkahelyeim hátterét és hogy miben érintették a záródolgozat témáját. A mérlegek, beszámolók adatainak elemzése utána, írtam bővebb kifejtést egy adott évhez vagy évekhez és átfogó képet nyújtani, hogy a vizsgált öt évben milyen változásokon ment keresztül az Antenna Hungária Zrt. | |
| 695 | |a beszámoló | ||
| 695 | |a likviditás | ||
| 695 | |a likviditási mutató(k) | ||
| 695 | |a likviditásszámítás | ||
| 695 | |a vállalati likviditás | ||
| 700 | 1 | |a Egedi Tímea |e ths | |
| 856 | 4 | 0 | |u http://dolgozattar.uni-bge.hu/58418/1/Z%C3%A1r%C3%B3dolgozat.pdf |z Dokumentum-elérés |
| 856 | 4 | 0 | |u http://dolgozattar.uni-bge.hu/58418/2/z%C3%A1r%C3%B3%20dolgozati%20%C3%B6sszefoglal%C3%B3%2020250508.pdf |z Dokumentum-elérés |
| 856 | 4 | 0 | |u http://dolgozattar.uni-bge.hu/58418/3/Z%C3%A1r%C3%B3%20dolgozat%20%C3%A9rt%C3%A9kel%C5%91%20lap_ET.pdf |z Dokumentum-elérés |
| 856 | 4 | 0 | |u http://dolgozattar.uni-bge.hu/58418/4/foszk_zarodolgozat-biralat-IllesiPA_sza.pdf |z Dokumentum-elérés |